00379nam a2200145Ia 4500008004100000020001500041041001200056082001600068100001200084245006000096260003400156300000800190650001600198700001900214221030s9999 xx 000 0 und d a8187527218 aEnglish a105.23bjAI aS. Jain 0aUsing the Internet In INDIAcby S. Jain, B. M. Aggarwal bMashbra Ind.aNew Delhic2000 a257 aBE Computer aB. M. Aggarwal